| 000 | 00326nam a22001217a 4500 | ||
|---|---|---|---|
| 040 | _cNust | ||
| 082 |
_a297.1227 _bQUR |
||
| 100 |
_aDr. Muhammad Taqi -ud -Din Hilali _9125173 |
||
| 245 | _aA Quran Ul Kareem | ||
| 260 |
_aK.S.A: _bKing Fahad Complex Printing, _c2000. |
||
| 650 |
_aA Quran Ul Kareem _9125174 |
||
| 942 |
_2ddc _cBK |
||
| 999 |
_c610957 _d610957 |
||